Study of fungicides to substitute carbendazim for the control of Oidium leaf fall disease (Oidium heveae) on rubber tree (Hevea brasiliensis) (Record no. 75733)

MARC details
000 -LEADER
fixed length control field 00830nam a22001817a 4500
100 ## - MAIN ENTRY--AUTHOR NAME
Personal name Nghia, N.A.
245 ## - TITLE STATEMENT
Title Study of fungicides to substitute carbendazim for the control of Oidium leaf fall disease (Oidium heveae) on rubber tree (Hevea brasiliensis)
260 ## - PUBLICATION, DISTRIBUTION, ETC. (IMPRINT)
Name of publisher Natural Rubber Industry: Way forward for the Competitiveness and Sustainability: Proceedings of the International Rubber Conference 2019, 30 September- 1st October 2019, International Rubber Research and Development Board and Myanmar Rubber Planters and Producers Association, Nai Pyi Taw, Myanmar, pp. 246-254.
Year of publication 2022
650 ## - SUBJECT ADDED ENTRY--TOPICAL TERM
Topical Term Azoxystrobin
650 ## - SUBJECT ADDED ENTRY--TOPICAL TERM
Topical Term Carbendazim
650 ## - SUBJECT ADDED ENTRY--TOPICAL TERM
Topical Term Hexaconazole
650 ## - SUBJECT ADDED ENTRY--TOPICAL TERM
Topical Term Oidium leaf fall disease
700 ## - ADDED ENTRY--PERSONAL NAME
Personal name Chi, V.T.Q.
700 ## - ADDED ENTRY--PERSONAL NAME
Personal name Mai, N.N.
700 ## - ADDED ENTRY--PERSONAL NAME
Personal name Kim, N.T.
942 ## - ADDED ENTRY ELEMENTS (KOHA)
Koha item type Articles
Holdings
Withdrawn status Lost status Damaged status Not for loan Home library Current library Date acquired Koha item type
        RRII Library RRII Library 03/11/2025 Articles